000 00604nam a2200217Ia 4500
005 20250508163834.0
008 008 250505s9999 xx 000 0 eng d
020 _a0-304-70629-9
037 _aTextual
040 _aFEDL
_beng
_cFEDL
041 _aeng
_2eng
084 _a370, WIL
_qFEDL
100 _aWilson John
245 0 _aKey issues in education and teaching
260 _aLondon, UK
_bCassell
_c2000
300 _axii,178p
365 _aGBP
_b7.5
650 _aEducation - Enterprise; Teaching and learning
_9776506
942 _cTEXL
_h370, WIL
999 _c1385533
_d1385533